| 000 | 00778nam a2200265 i 4500 | ||
|---|---|---|---|
| 001 | 53558 | ||
| 003 | ES-MaACL | ||
| 005 | 20250730063106.0 | ||
| 007 | t| | ||
| 008 | 031103s1997 sp ||||0| spa j | ||
| 020 | _a84-306-0025-6 | ||
| 040 |
_aM-BN _bspa _cM-BN |
||
| 080 | _a53:1 | ||
| 100 | 1 |
_aPrigogine, Ilya, _d1917-2003 _993958 |
|
| 245 | 1 | 3 |
_aEl fin de las certidumbres / _cIlya Prigogine ; traducción de Pierre Jacomet. |
| 260 |
_aMadrid : _bTaurus, _c[1997] |
||
| 300 |
_a230 p : _bil ; _c22 cm. |
||
| 490 | 1 | _aTaurus ciencias | |
| 650 | 1 | 4 |
_aFísica- _xFilosofía. _912881 |
| 700 | 1 |
_aJacomet, Pierre. _965866 |
|
| 830 | 0 |
_aTaurus ciencias _9230257 |
|
| 852 |
_aES-MaACL _jL-26580 _bR.131968 |
||
| 999 |
_c53558 _d53558 |
||